Представление документа в формате MARC21

ПолеНазваниеЗначение
  Тип записи a
  Библиографический уровень m
001 Контрольный номер BIBLIOCLUB\0000723467
005 Дата корректировки 20260430154906.0
006 m o d
007 Элементы данных для физической характеристики c|||||||||||||
008 Кодируемые данные s2024 rus o rus d
020 Индекс ISBN __
a ISBN 978-5-8265-2776-4
041 Код языка издания 0_
a Код языка текста rus
084 Индекс другой классификации/Индекс ББК __
a Индекс другой классификации/Индекс ББК 16я73
b Номер единицы LBC/PL
2 Источник индекса rubbk
245 Заглавие 10
a Заглавие Информационные технологии и системы
b Продолж. заглавия учебное пособие
c Ответственность Е. В. Бурцева, А. В. Платёнкин, И. П. Рак, А. В. Терехов
260 Выходные данные __
a Место издания Тамбов
b Издательство Тамбовский государственный технический университет (ТГТУ)
c Дата издания 2024
300 Физическое описание __
a Объем 81 с.
b Иллюстрации/ тип воспроизводства ил., табл.
504 Библиография __
a Библиография Библиогр. в кн
653 Ключевые слова 1_
a Ключевые слова Учебник для высшей школы
700 Другие авторы _1
a Другие авторы Бурцева Е. В.
700 Другие авторы _1
a Другие авторы Платёнкин А. В.
700 Другие авторы _1
a Другие авторы Рак И. П.
700 Другие авторы _1
a Другие авторы Терехов А. В.
856 Электронный адрес документа 40
3 Область применения данных поля Университетская библиотека ONLINE
u URL https://biblioclub.ru/index.php?page=book&id=723467
900 Электронные ресурсы __
a Имя электронного ресурса https://img.biblioclub.ru/sm_cover/d19f8fcdef577fcf987c32ac3ae166f6hipejsh5ia/cover.jpg